NCAA Football Champions and Runners Up - Statistics

General Stats
  • This quiz has been taken 213 times
    37 since last reset
  • The average score is 37 of 56
Answer Stats
Hint Answer % Correct
2025 Indiana
100%
Miami
97%
2022 Georgia
87%
2023 Michigan
87%
2024 Ohio State
87%
Alabama
84%
2020 Alabama
84%
2021 Georgia
84%
2019 LSU
84%
Notre Dame
84%
Clemson
81%
Alabama
77%
2017 Alabama
77%
2012 Alabama
77%
2011 Alabama
77%
2010 Auburn
77%
2018 Clemson
77%
2013 Florida State
77%
2014 Ohio State
77%
Washington
77%
Alabama
74%
2015 Alabama
74%
2009 Alabama
74%
2016 Clemson
74%
2008 Florida
74%
TCU
74%
2006 Florida
68%
2005 Texas
68%
Georgia
65%
Ohio State
65%
Clemson
61%
2007 LSU
61%
2003 LSU
61%
2001 Miami
61%
Oregon
61%
USC
61%
Auburn
58%
1999 Florida State
58%
LSU
58%
2002 Ohio State
58%
1998 Tennessee
58%
2004 USC
58%
Ohio State
55%
Oregon
55%
Miami
52%
Notre Dame
52%
Ohio State
52%
Texas
52%
2000 Oklahoma
48%
Florida State
45%
Oklahoma
42%
Oklahoma
35%
Oklahoma
35%
Florida State
32%
Nebraska
32%
Virginia Tech
23%
No matching quizzes found
Score Distribution
Percent of People with Each Score
Percentile by Number Answered
Your Score History
You have not taken this quiz since the last reset